Sitcom Men - Statistics

General Stats
  • This quiz has been taken 39 times
  • The average score is 11 of 20
Answer Stats
Names Sitcom % Correct
Ross, Joey, Chandler Friends
100%
Sheldon, Leonard, Raj The Big Bang Theory
97%
Peter, Stewie, Brian Family Guy
89%
Michael, Jim, Dwight The Office
89%
Ted, Marshall,Barney How I Met Your Mother
83%
Jay, Phil, Mitch Modern Family
74%
Danny, Jesse, Joey Full House
71%
Jerry, George, Kramer Seinfeld
69%
Frasier, Niles, Martin Frasier
66%
Will, Carlton, Philip The Fresh Prince of Bel Air
60%
Ray, Robert, Frank Everybody Loves Raymond
57%
Nick, Winston, Winston New Girl
51%
Jake, Charles, Raymond Brooklyn Nine-Nine
49%
Ron, Andy, Ben Parks and Recreation
46%
Michael, George, Gob Arrested Development
29%
Jonah, Garret, Glenn Superstore
29%
Tracy, Kenneth, Toofer 30 Rock
23%
Will, Simon, Neil The Inbetweeners
17%
Stath, Al, Dean Stath Lets Flats
11%
Martin, Adam, Johnny Friday Night Dinner
3%
No matching quizzes found
Score Distribution
Percent of People with Each Score
Percentile by Number Answered
Your Score History
You have not taken this quiz